<?xml version="1.0" encoding="UTF-8"?>
<marc:record xmlns:marc="http://www.loc.gov/MARC21/slim">
   <marc:leader>00000nam a2200000 a 4500</marc:leader>
   <marc:datafield ind1="1" ind2=" " tag="100">
      <marc:subfield code="a">Meier-Ebert, Karen</marc:subfield>
      <marc:subfield code="4">ctb</marc:subfield>
      <marc:subfield code="e">Mitwirkende/-r</marc:subfield>
   </marc:datafield>
   <marc:datafield ind1="1" ind2=" " tag="100">
      <marc:subfield code="a">Mansfeld, Susanne</marc:subfield>
      <marc:subfield code="4">ctb</marc:subfield>
      <marc:subfield code="e">Mitwirkende/-r</marc:subfield>
   </marc:datafield>
   <marc:datafield ind1=" " ind2=" " tag="653">
      <marc:subfield code="a">Häusliche Arbeiten</marc:subfield>
   </marc:datafield>
   <marc:datafield ind1=" " ind2=" " tag="653">
      <marc:subfield code="a">Softcover / Ratgeber/Hobby</marc:subfield>
   </marc:datafield>
   <marc:datafield ind1=" " ind2=" " tag="653">
      <marc:subfield code="a">Haus/Kreatives Gestalten</marc:subfield>
   </marc:datafield>
   <marc:datafield ind1="0" ind2="0" tag="245">
      <marc:subfield code="a">Feste feiern</marc:subfield>
   </marc:datafield>
   <marc:datafield ind1="0" ind2="0" tag="245">
      <marc:subfield code="b">Dekoideen für die schönsten Anlässe im Jahr</marc:subfield>
   </marc:datafield>
   <marc:datafield ind1="0" ind2="0" tag="245">
      <marc:subfield code="c">Meier-Ebert, Karen</marc:subfield>
   </marc:datafield>
   <marc:datafield ind1=" " ind2="1" tag="264">
      <marc:subfield code="a">Stuttgart (Hohenheim)</marc:subfield>
      <marc:subfield code="b">Ulmer</marc:subfield>
      <marc:subfield code="c">2013</marc:subfield>
   </marc:datafield>
   <marc:datafield ind1="1" ind2=" " tag="490">
      <marc:subfield code="a">Bloom's by Ulmer</marc:subfield>
   </marc:datafield>
   <marc:datafield ind1="1" ind2=" " tag="520">
      <marc:subfield code="a">Angaben aus der Verlagsmeldung

Feste feiern : Dekoideen für die schönsten Anlässe im Jahr / von Karen Meier-Ebert

Dekoideen für rundum gelungene Feste
- Große und kleine Dekoideen
- Rezepte für Genuss und Dekorationen mit Geling-Garantie
- Vom geschmückten Tisch bis zum Giveaway
Feste zu feiern wie sie fallen, ist die schönste Art mit Freunden und lieben Menschen zusammen zu sein. Entdecken Sie in diesem Buch vielfältige Ideen, die Ihre Vorfreude aufs Feiern noch steigern. Ob große Gartenparty oder kleine Privatfeier: die blumigen Ideen können Sie immer wieder neu variieren und damit jedem Anlass eine persönliche und liebevolle Note geben. Rezepte mit leckeren Gerichten runden das Buch ab, das schon beim Ansehen Lust aufs Feiern macht.
</marc:subfield>
   </marc:datafield>
   <marc:datafield ind1=" " ind2=" " tag="020">
      <marc:subfield code="a">9783800178735</marc:subfield>
      <marc:subfield code="9">9783800178735</marc:subfield>
   </marc:datafield>
   <marc:datafield ind1=" " ind2=" " tag="020">
      <marc:subfield code="a">3800178737</marc:subfield>
      <marc:subfield code="9">3800178737</marc:subfield>
   </marc:datafield>
   <marc:datafield ind1=" " ind2=" " tag="041">
      <marc:subfield code="a">ger</marc:subfield>
   </marc:datafield>
   <marc:datafield ind1=" " ind2=" " tag="338">
      <marc:subfield code="a">Band</marc:subfield>
   </marc:datafield>
   <marc:datafield ind1=" " ind2=" " tag="300">
      <marc:subfield code="a">120 S.</marc:subfield>
   </marc:datafield>
</marc:record>
